| 000 | 00000nam##2200000za#4500 |
| 001 | 9.573367 |
| 003 | CaOODSP |
| 005 | 20250129103332 |
| 007 | cr ||||||||||| |
| 008 | 150406|2007||||xxc|||||o f|0| 0 eng|d |
| 040 | |aCaOODSP|beng |
| 043 | |an-cn--- |
| 086 | 1 |aEn57-41/12-2007E-PDF |
| 110 | 2 |aMeteorological Service of Canada. |
| 245 | 10|aPlanning for atmospheric planning for hazards and disaster management under changing climate conditions / |h[electronic resource]|cby Heather Auld ... [et al]. |
| 260 | |aToronto - Ontario : |bEnvironment Canada. |c2007. |
| 300 | |a20p.|bfig., graph, maps (some coloured), references, table |
| 490 | 1 |aOccasional paper|v12 |
| 590 | |a12-12-Supp|b2012-03-28 |
| 720 | 1 |aAuld, Heather |
| 775 | 08|tPlanification de la gestion des dangers atmosphériques et des catastrophes dans des conditions climatiques changeantes / |w(CaOODSP)9.606718 |
| 830 | #0|aOccasional paper (Canada. Industry Canada)|v12|w(CaOODSP)9.506650 |
| 856 | 40|ahttp://publications.gc.ca|qPDF|s338 KB|uhttps://publications.gc.ca/collections/collection_2012/ec/En57-41-12-2007-eng.pdf|y12 |